|
|
|
|
| LEADER |
00956nom a2200241 u 4500 |
| 001 |
10083591 |
| 003 |
upatras |
| 005 |
20210117202423.0 |
| 008 |
100218s2003 lu eng |
| 020 |
|
|
|a 9289463449
|
| 040 |
|
|
|a GR-PaULI
|c GR-PaULI
|
| 041 |
0 |
|
|a eng
|
| 082 |
0 |
4 |
|a 330.094
|
| 110 |
|
0 |
|a European Commission
|9 8016
|
| 245 |
1 |
0 |
|a European Economy
|h [CD-ROM]
|b 1978-2002
|c Ευρωπαϊκή Επιτροπή
|
| 260 |
|
|
|a Luxembourg
|b Office for Official Publications of the European Communities
|c 2003
|
| 300 |
|
|
|a 2 CD-ROM
|b col.
|c 4 3/4 in.
|
| 500 |
|
|
|a Περιλαμβάνει αρχεία ήχου και βίντεο
|
| 852 |
|
|
|a GR-PaULI
|b ΠΑΤΡΑ
|b ΒΚΠ
|b ΚΕΤ
|h 330.094 EUR
|m 083451
|p 025000112061
|t 1
|
| 942 |
|
|
|2 ddc
|
| 952 |
|
|
|0 0
|1 0
|4 0
|6 330_094000000000000_EUR
|7 0
|9 88880
|a LISP
|b LISP
|c EDC
|d 2016-04-24
|i 083451
|l 0
|o 330.094 EUR
|p 025000112061
|r 2016-04-24 00:00:00
|t 1
|w 2016-04-24
|y BK15
|
| 998 |
|
|
|c ΜΠΟΥΡΑΣ
|d 2010-02
|
| 999 |
|
|
|c 59364
|d 59364
|